000 01145nam a2200289Ia 4500
003 OSt
005 20221005110429.0
006 a|||||r|||| 00| 0
007 ta
008 221004b |||||||| |||| 00| 0 hin d
020 _a9789380146355 (hbk)
_cINR 250.00
024 _a42566
037 _bIN-2306, 14/03/2019, Kitab Ghar Prakashan
_cTextual
040 _aCRL
_cCRL
_bhin
041 _2hin
_ahin
082 _aO152,2:g, Q0
100 _aहुकुमचन्द राजपाल, ले.
245 0 _aहिन्दी नाट्य - काव्य
_b पुनर्मूल्यांकन
246 _aHindī nāṭya - kāvya: punarmūlyāankana
250 _aसंस्करण 2
260 _aनई दिल्ली
_bकिताबघर प्रकाशन भारत
_c2010
300 _a232पृ0
_ccm.
650 _a हिन्दी नाटक
650 _aहिन्दी साहित्य
942 _hO152,2:g, Q0
_cTEXL
_2cc
999 _c1018779
_d1018779